[Event "Pan American Intercollegiate-chT"]
[Site "Dulles"]
[Date "2022.01.07"]
[Round "2.3"]
[White "Bonam, Saigautam"]
[Black "Malicka, Maria"]
[Result "1/2-1/2"]
[WhiteElo "1951"]
[BlackElo "2331"]
[PlyCount "74"]
[EventDate "2022.01.06"]
[EventType "team-swiss"]
[EventRounds "6"]
[EventCountry "USA"]
[SourceTitle "EXT 2023"]
[Source "ChessBase"]
[SourceDate "2022.10.05"]
[SourceVersion "1"]
[SourceVersionDate "2022.10.05"]
[SourceQuality "1"]
[WhiteTeam "Georgia Inst of Technology"]
[BlackTeam "Texas Rio Grande Valley Univ"]
[WhiteTeamCountry "USA"]
[BlackTeamCountry "USA"]

1. d4 Nf6 2. c4 g6 3. g3 Bg7 4. Bg2 d5 5. Nc3 dxc4 6. Nf3 0-0 7. 0-0 c5 8. dxc5 Qa5 9. Qd4 Na6 10. Qxc4 Qxc5 11. Qxc5 Nxc5 12. Be3 Nce4 13. Bd4 Nd6 14. Rfd1 Be6 15. b3 Rac8 16. Ng5 Bd7 17. Rac1 b6 18. h4 Rfd8 19. Bxf6 Bxf6 20. Nd5 Rxc1 21. Rxc1 Rc8 22. Rxc8+ Nxc8 23. Nxf6+ exf6 24. Ne4 Kg7 25. f4 f5 26. Nc3 Kf6 27. e4 fxe4 28. Nxe4+ Ke7 29. Nc3 Bf5 30. Kf2 Kd6 31. b4 Bd7 32. Ke3 f5 33. Kd4 Ne7 34. a3 h6 35. Nd5 Nc6+ 36. Kc3 Be6 37. Ne3 Nd8 1/2-1/2

[Event "Titled Tuesday intern op 04th Jan"]
[Site "Chess.com INT"]
[Date "2022.01.04"]
[Round "2"]
[White "Deuer, Marius"]
[Black "Bonam, Saigautam"]
[Result "1-0"]
[WhiteElo "2321"]
[BlackElo "1951"]
[PlyCount "75"]
[EventDate "2022.01.04"]
[EventType "swiss (blitz)"]
[EventRounds "11"]
[EventCountry "USA"]
[SourceTitle "EXT 2023"]
[Source "ChessBase"]
[SourceDate "2022.10.05"]
[SourceVersion "1"]
[SourceVersionDate "2022.10.05"]
[SourceQuality "1"]

1. b3 Nf6 2. Bb2 d5 3. Nf3 c5 4. e3 Bg4 5. d4 e6 6. Bd3 Nc6 7. Nbd2 Be7 8. a3 0-0 9. dxc5 Bxc5 10. b4 Be7 11. 0-0 a6 12. h3 Bh5 13. c4 dxc4 14. Bxc4 Bg6 15. Rc1 Rc8 16. Nb3 Qb6 17. Nfd4 Rfd8 18. Qe2 Qa7 19. Rfd1 b5 20. Bxe6 Nxd4 21. Bxd4 Rxc1 22. Rxc1 Qb7 23. Bg4 Nxg4 24. hxg4 Qd5 25. Nc5 h5 26. gxh5 Bxh5 27. f3 Bg6 28. Nxa6 Qe6 29. Nc7 Qc8 30. Qb2 Rd7 31. Nxb5 Qb7 32. Nc3 f6 33. Ne2 Bf7 34. Nf4 g5 35. Ne2 Qa6 36. Ng3 Bg6 37. b5 Qe6 38. Rc6 1-0